000 02348nam a2200265Ia 4500
001 18553
003 GE_BSU
008 181216s||||||||xx |||||||||||||| ||und||
020 _aISBN: 9789941252198
040 _cGE_BSU
080 _a34
100 _aცქიტიშვილი, თემურ.
245 _aადამიანის სიცოცხლისა და ჯანმრთელობისთვის საფრთხის შემქმნელი დელიქტები
245 _cრედ:ლეკვეიშვილი, მზია, ტურავა, მერაბ.
260 _aთბილისი
260 _bმერიდიანი
260 _c2015
300 _a495გვ;23სმ.
300 _bბიბლიოგრაფია, ქართულენოვანი წყაროები: გვ.: 465-479, რუსულენოვანი წყაროები: გვ.: 479-481, გერმანულენოვანი წყაროები: გვ.: 481-492, ნორმატიული მასალა: გვ.: 493-495.
520 _aეძღვნება პროფესორ-ემერიტუს მზია ლეკვეიშვილის ხსოვნას.
653 _a1.დელიქტების კლასიფიკაცია -- II თავი. აბსტრაქტული საფრთხის შემქმნელი დელიქტები -- III თავი. კონკრეტული საფრთხის დელიქტები -- IV თავი. განზრახვა და გაუფრთხილებლობა საფრთხის დელიქტებში -- V თავი. სამართლებრივი სიკეთის დაცვა, როგორც საფრთხის შემქმნელი დელიქტების დასჯადობის ლეგიტიმაციის საფუძველი
653 _aადამიანის სიცოცხლისა და ჯანმრთელობისთვის საფრთხის შემქმნელი დელიქტები
653 _aსამართალი
942 _cBK
999 _c51562
_d51562